Leonardo DiCaprio Movies - Statistics

General Stats
  • This quiz has been taken 14 times
  • The average score is 10 of 16
Answer Stats
Picture Hint Answer % Correct
Jay _____ The Great Gatsby
100%
Jack Dawson Titanic
100%
Frank Abagnale Jr. Catch Me If You Can
92%
Jordan Belfort The Wolf of Wall Street
83%
Dom Cobb Inception
75%
Calvin J. Candie Django Unchained
67%
Rick Dalton Once Upon A Time In Hollywood
67%
Howard Hughes The Aviator
67%
William "Billy" Costigan The Departed
67%
Hugh Glass The Revenant
67%
Amsterdam Vallon Gangs of New York
58%
Arnold Grape What's Eating Gilbert Grape?
58%
Danny Archer Blood Diamond
50%
Edward "Teddy" Daniels Shutter Island
33%
Louis XIV / Phillipe The Man in the Iron Mask
33%
Roger Ferris Body of Lies
17%
No matching quizzes found
Score Distribution
Percent of People with Each Score
Percentile by Number Answered
Your Score History
You have not taken this quiz